000 00713nam a22002417a 4500
003 FEu
005 20140310182817.0
008 130301t xxu||||| |||| 00| 0 eng d
020 _a9789710358151
020 _a9710358168
050 _aHB 615
_b.K45 2008
100 _aKhanser, Marites A.
245 _aJohn L. Gokongwei, Jr. :
_bthe path of entrepreneurship /
_cMarites A. Khanser
260 _aQuezon City :
_bLoyola Schools, Ateneo de Manila University,
_c2008.
300 _a244 p. :
_bill. ;
_c24 cm.
521 _aBSBA
562 _e1
650 _aBusinesspeople
_xPhilippines
650 _aEntrepreneurship
_xPhilippines
650 _aGokongwei, John L.
942 _2lcc
_cBK
_kLOC
999 _c16305
_d16305